Statistics for Batman - Family Tree

Click here to take the quiz!

General Stats

  • This quiz has been taken 289 times
  • The average score is 12 of 15

Answer Stats

#HintAnswer% Correct
1Main characterBatman/ Bruce Wayne
99%
2First adopted son of 1Nightwing/ Dick Grayson/ Robin
97%
7Butler of 1Alfred Pennyworth
96%
4Second adopted son of 1Jason Todd/ Robin II/ Red Hood/ The Joker III
95%
3Third adopted son of 1Tim Drake/ Robin III
95%
5Girlfriend of 2Batgirl/ Oracle/ Barbara Gordon
88%
9Girlfriend of 1Catwoman/ Selina Kyle
88%
10Mom of 1Martha Wayne
85%
13Mom of 8Talia Al Ghul
83%
11Dad of 1Thomas Wayne
83%
12Grandfather of 8Ra's Al Ghul
77%
6Second version of 5Cassandra Cain/ Batgirl II
76%
8Son of 1Daimian Wayne/ Robin IV
74%
15Cousin of 1Batwoman/ Kate Kane
56%
14Ex-Girlfriend of 1Wonder Woman/ Diana Prince
17%

Score Distribution

Percentile by Number Answered

Percent of People with Each Score

Your Score History

You have not taken this quiz